Processo civile e politica giudiziaria nel principato: lezione di diritto romano
সংরক্ষণ করুন:
| প্রধান লেখক: | |
|---|---|
| বিন্যাস: | গ্রন্থ |
| ভাষা: | ইতালিয় |
| প্রকাশিত: |
Turín
G. Giappichelli
1991
|
| সংস্করন: | 2a. ed |
| বিষয়গুলি: | |
| ট্যাগগুলো: |
ট্যাগ যুক্ত করুন
কোনো ট্যাগ নেই, প্রথমজন হিসাবে ট্যাগ করুন!
|
MARC
| LEADER | 00000nam a2200000 a 4500 | ||
|---|---|---|---|
| 001 | UCV2346 | ||
| 003 | CL-VaPUC | ||
| 008 | 920610e19910000IT |||||||||||||||||ita|d | ||
| 082 | 0 | 4 | |a 340.54 |b PAL |2 21 |
| 100 | |a Palazzolo, Nicola |e autore |9 546294 | ||
| 245 | 1 | 0 | |a Processo civile e politica giudiziaria nel principato: lezione di diritto romano |
| 250 | |a 2a. ed | ||
| 300 | |a 187 p | ||
| 942 | |c BK | ||
| 945 | |d 19920610 00:00:00 | ||
| 260 | |a Turín |b G. Giappichelli |c 1991 | ||
| 650 | 0 | |a Derecho romano |9 255930 | |
| 583 | |a last modification |c 19920610 00:00:00 |k Rodrigo Vera | ||
| 999 | |c 209953 |d 209951 | ||
| 952 | |0 0 |1 0 |4 0 |6 340_540000000000000_PAL_1991 |7 0 |8 DER_ROM |9 185856 |a BIBDER |b BIBDER |d 2019-11-14 |i 2533200 |o 340.54 PAL 1991 |p 2533200 |r 2023-01-25 |w 2019-11-14 |x Ubicación 4to piso |y BK |z Este recurso debe solicitarse con anticipación |k DER | ||